=LDR 00000nam 2200000 4500 =001 INLIS000000000005704 =005 20130612093922 =008 ***********************************Ind** =035 ##$$0010-061300000005704 =041 ##$$a Ind =082 ##$$a 080 =090 ##$$a 080 Dip a =100 ##$$a Dipoyudo, Kirdi =245 ##$$a Beberapa segi pembangunan/Kirdi Dipoyudo =260 ##$$a 1977 $b Jakarta : CSIS =300 ##$$a 110 hlm. ; 21 cm =650 ##$$a Majalah